header

Houses in motion (Record no. 189919)

MARC details
000 -LEADER
fixed length control field 01457nam a2200361 a 4500
082 04 - DEWEY DECIMAL CLASSIFICATION NUMBER
Classification number 307.7609595
100 1# - MAIN ENTRY--AUTHOR NAME
Personal name Baxstrom, Richard.
245 10 - TITLE STATEMENT
Title Houses in motion
260 ## - PUBLICATION, DISTRIBUTION, ETC. (IMPRINT)
Place of publication Stanford, Calif. :
Name of publisher Stanford University Press,
Year of publication c2008.
300 ## - PHYSICAL DESCRIPTION
Number of Pages ix, 283 p.
490 1# - SERIES STATEMENT
Series statement Cultural memory in the present
650 #0 - SUBJECT ADDED ENTRY--TOPICAL TERM
Topical Term Sociology, Urban
Topical Term Urban policy
Topical Term Islam and politics
856 40 - ELECTRONIC LOCATION AND ACCESS
Uniform Resource Identifier http://site.ebrary.com/lib/rucke/Doc?id=10413402

No items available.

© 2026 Rongo University
Contact us: librarian | system librarian | Rongo university